000 00828nam a22002897a 4500
001 16993701
003 OSt
005 20140310182949.0
008 111010s2011 ph a 000 0 eng
010 _a 2011308429
020 _a9789712726156
040 _aDLC
_cDLC
042 _alcode
050 0 0 _aDS 688
_b.L151 2011
082 _aFIL 959.932
_b.L151 2011
245 0 4 _aThe Davao we know /
_ccompiled and edited by Lolita R. Lacuesta.
260 _aManila :
_bPublished and exclusively distributed by Anvil Pub.,
_cc2011.
300 _axiv, 138 p. :
_bill. ;
_c23 cm.
521 _aCollege
526 _c1210L-1700L
541 _j1
562 _e1
700 1 _aLacuesta, Lolita R.
906 _a7
_bcbc
_corigode
_d4
_encip
_f20
_gy-gencatlg
942 _2lcc
_cBK
_kFIL
999 _c17878
_d17878